000 00605nam a2200157 a 4500
001 000029520
005 20200930055617.0
008 110418s1994 dr ad 000 0 spa d
040 _aDO-SdBNP
_bspa
_cBNPHU
100 1 _aLizardo, Jefrey
_932047
245 1 0 _aMonografía :
_bcondiciones de los y las menores en la República Dominicana /
_cJefrey Lizardo.
260 _aSanto Domingo :
_bInstituto de Estado de Población y Desarrollo (IEPD)
_bFondo para las Naciones Unidas para la Infancia (UNICEF),
_c1994.
300 _a38 p. ;
_c27 cm.
500 _aIncluye notas al pie de las páginas
049 _aBNPD
999 _c29012
_d29012